| 000 | 00708nam a2200217 i 4500 | ||
|---|---|---|---|
| 001 | 92057 | ||
| 003 | ES-MaACL | ||
| 005 | 20251005063100.0 | ||
| 007 | t| | ||
| 008 | 050330s1996 ck ||||1| spa d | ||
| 020 | _a958-18-0130-8 | ||
| 080 | _a821.134.2(861)-31"19" | ||
| 100 | 1 |
_aSilva, José Asunción, _d1865-1896 _9106372 |
|
| 245 | 1 | 0 |
_aDe sobremesa / _cJosé Asunción Silva. |
| 260 |
_a[Colombia] : _bPresidencia de la Repúbica, _c1996. |
||
| 300 |
_a184 p. ; _c21 cm. |
||
| 490 | 1 | _aBiblioteca familiar Presidencia de la República | |
| 830 | 0 | 0 |
_aBiblioteca familiar de la Presidencia de la República _9223687 |
| 852 |
_aES-MaACL _jE-10882 _bR.125380 |
||
| 999 |
_c92057 _d92057 |
||